Judging science : scientific knowledge and the federal courts /

Bibliographic Details
Main Author: Foster, Kenneth R.
Corporate Author: NetLibrary, Inc
Other Authors: Huber, Peter W. (Peter William), 1952-
Format: eBook
Language:English
Published: Cambridge, Mass : MIT Press, [1997]
Subjects:
Online Access:Connect to the full text of this electronic book

MARC

Tag First Indicator Second Indicator Subfields
LEADER 00000cam a2200000La 4500
001 in00001581237
005 20220103182719.0
006 m u
007 cr cn-
008 001007s1997 maua sb 001 0 eng d
010 |z  96036405  
020 |a 0585077959 (electronic bk.) 
020 |z 0262061929 
035 |a (OCoLC)ocm42856044 
040 |a N$T  |c N$T  |d OCL  |d UtOrBLW 
043 |a n-us--- 
049 |a IKMN 
050 1 4 |a KF8961  |b .F675 1997eb 
082 0 4 |a 347.73/67  |a 347.30767  |2 20 
100 1 |a Foster, Kenneth R.  |0 http://id.loc.gov/authorities/names/n88046439 
245 1 0 |a Judging science :  |b scientific knowledge and the federal courts /  |c Kenneth R. Foster, Peter W. Huber. 
264 1 |a Cambridge, Mass :  |b MIT Press,  |c [1997] 
264 4 |c ©1997 
300 |a 333 pages :  |b illustrations ;  |c 24 cm. 
336 |a text  |b txt  |2 rdacontent 
337 |a computer  |b c  |2 rdamedia 
338 |a online resource  |b cr  |2 rdacarrier 
504 |a Includes bibliographical references (pages [309]-327) and index. 
533 |a Electronic reproduction.  |b Boulder, Colo. :  |c NetLibrary,  |d 1999.  |n Available via the World Wide Web.  |n Available in multiple electronic file formats.  |n Access may be limited to NetLibrary affiliated libraries. 
500 |a Electronic resource. 
650 0 |a Evidence, Expert  |z United States.  |0 http://id.loc.gov/authorities/subjects/sh2008103258 
650 0 |a Forensic sciences  |z United States.  |0 http://id.loc.gov/authorities/subjects/sh2008121040 
650 0 |a Science and law.  |0 http://id.loc.gov/authorities/subjects/sh85118618 
655 7 |a Electronic books.  |2 local 
700 1 |a Huber, Peter W.  |q (Peter William),  |d 1952-  |0 http://id.loc.gov/authorities/names/n86014897 
710 2 |a NetLibrary, Inc.  |0 http://id.loc.gov/authorities/names/no99080690 
776 1 |c Original  |w (DLC) 96036405  |w (OCoLC)35558994 
856 4 1 |u https://proxy.library.tamu.edu/login?url=http://www.netlibrary.com/urlapi.asp?action=summary&v=1&bookid=9342  |z Connect to the full text of this electronic book  |t 0 
994 |a 92  |b IKM 
999 |a MARS 
999 f f |s 1177b05a-ece9-3e95-9c91-808bf566d4e6  |i 80d21ff0-70aa-306f-8215-84b7fc0cad61  |t 0 
952 f f |a Texas A&M University  |b College Station  |c Electronic Resources  |d Available Online  |t 0  |e KF8961 .F675 1997eb  |h Library of Congress classification 
998 f f |a KF8961 .F675 1997eb  |t 0  |l Available Online